| 000 | 02319nam a2200277Ia 4500 | ||
|---|---|---|---|
| 999 |
_c56159 _d56159 |
||
| 001 | 23260 | ||
| 003 | GE_BSU | ||
| 005 | 20241011163209.0 | ||
| 008 | 181216s1941||||ge |||||||||||||| ||geo|| | ||
| 040 | _cGE_BSU | ||
| 041 | _ageo | ||
| 080 | _a091(=512.161) + 930.2:003.074(=512.161) + 94(479.22)(093უცხ.) + 811.353.1'373.21(560) გ-97 | ||
| 245 |
_aგურჯისტანის ვილაიეთის დიდი დავთარი. წ. 2 : _bთარგმანი / _cთურქული ტექსტი გამოსცა, თარგმანი, გამოკვლევა, კომენტარები და წინასიტყვაობა ქართულ რუსულ ენებზე დაურთო სერგი ჯიქიამ; საქართველოს სსრ. მეცნიერებათა აკადემია, ნ. მარის სახ. ენის, ისტორიისა და მატერიალური კულტურის ინსტიტუტი. |
||
| 264 |
_aთბილისი : _bსაქ. სსრ მეცნ. აკად. გამ-ბა, _c1941. |
||
| 300 |
_a504 გვ. ; _b25 სმ. |
||
| 500 | _a დამატებითი თავფურცელი რუსულ, თურქულ ენებზე. | ||
| 520 | _aდამატებითი თავფურცელი რუსულ, თურქულ ენებზე. | ||
| 541 | _h5 ლ. | ||
| 653 | _aთურქული ისტორიული საბუთები; | ||
| 653 | _a თურქული ხელნაწერები; | ||
| 653 | _aსაქართველოს ისტორიის უცხოური წყაროები; | ||
| 653 | _aქართული ტოპონიმიკა თურქეთში | ||
| 700 |
_aჯიქია, სერგი, _eშემდგენელი _93544 |
||
| 710 |
_aსაქართველოს სსრ. მეცნიერებათა აკადემია. ნ. მარის სახ. ენის, ისტორიისა და მატერიალური კულტურის ინსტიტუტი. _923391 |
||
| 942 |
_cBK _2udc |
||